00329nam a2200133Ia 4500008004100000020001500041041001200056082001600068100001400084245004800098260002900146300000800175650001200183221030s9999 xx 000 0 und d a8172246935 aEnglish a105.23bDob aA. Dobson 0aHow To Write Business Letterscby A. Dobson bJaico Pub.aMumbaic1999 a183 aGeneral